| 000 | 00892cam a22002533a 4500 | ||
|---|---|---|---|
| 001 | 28915 | ||
| 003 | PGUSA | ||
| 005 | 20140828083627.0 | ||
| 008 | 090522s2009||||xxu|||||s|||||000 1 eng d | ||
| 040 |
_aPGUSA _beng |
||
| 042 | _adc | ||
| 050 | 4 | _aPZ | |
| 100 | 1 |
_aButterworth, Hezekiah, _d1839-1905 |
|
| 245 | 1 | 0 |
_aZigzag Journeys in Northern Lands; : _bThe Rhine to the Arctic; A Summer Trip of the Zigzag Club Through Holland, Germany, Denmark, Norway, and Sweden _h[electronic resource] / _cHezekiah Butterworth |
| 260 |
_bProject Gutenberg, _c2009 |
||
| 506 | _aPublic domain in the USA. | ||
| 516 | _aElectronic text | ||
| 653 | _aAdventure and adventurers -- Juvenile fiction | ||
| 653 | _aVoyages and travels -- Juvenile fiction | ||
| 653 | _aClubs -- Juvenile fiction | ||
| 830 | 0 |
_aProject Gutenberg _v28915 |
|
| 856 | 4 | 0 | _uhttp://www.gutenberg.org/ebooks/28915 |
| 942 | _cEB | ||
| 999 |
_c258170 _d258170 |
||